| 000 | 00524nam a22001817a 4500 | ||
|---|---|---|---|
| 003 | BD-DhJNU | ||
| 005 | 20251119052943.0 | ||
| 008 | 251119b |||||||| |||| 00| 0 eng d | ||
| 040 |
_aBD-DhJNU _bENG _cBD-DhJNU _dBD-DhJNU |
||
| 082 |
_223 _a944.07 |
||
| 100 | _aThompson, J. M. | ||
| 245 |
_aLouis napoleon and the second empire / _cJ. M. Thompson |
||
| 260 |
_aOxford : _bBasil Blackwell, _c1956. |
||
| 300 |
_axii, 342 p. : _bill. ; _c22 cm. |
||
| 504 | _aincludes index | ||
| 650 | _aFrance -- History | ||
| 942 |
_2ddc _cBK _n0 |
||
| 999 |
_c2389 _d2389 |
||